Gramática histórica española y antología medieval y del siglo XV

保存先:
書誌詳細
第一著者: Gómez Bravo, Vicente (著者)
フォーマット: 図書
言語:スペイン語
出版事項: Madrid Studium 1957
主題:
タグ: タグ追加
タグなし, このレコードへの初めてのタグを付けませんか!

MARC

LEADER 00000nam a2200000 a 4500
001 UCJ9904
003 CL-VaPUC
008 070413e19570000SP |||||||||||||||||spa|d
082 0 4 |a 465  |b GOM  |2 21 
100 0 |a Gómez Bravo, Vicente  |e author  |9 519957 
245 1 0 |a Gramática histórica española y antología medieval y del siglo XV 
300 |a 670 p 
942 |c BK 
945 |d 20070413 00:00:00  |a jtorresc 
260 |a Madrid  |b Studium  |c 1957 
500 |a Donación del Dr. Luis Gómez Macker 
650 0 |a Lengua española  |9 314728 
650 0 |a Gramática histórica  |9 314729 
583 |a last modification  |c 20070413 00:00:00  |k Rodrigo Vera 
999 |c 325247  |d 325245 
952 |0 0  |1 0  |4 0  |6 465_000000000000000_GOM_1957  |7 0  |8 A  |9 405882  |a FDOPOS  |b FDOPOS  |d 2019-11-22  |i 4274318  |o 465 GOM 1957  |p 4274318  |r 2025-01-22  |w 2019-11-22  |y BK  |k MLA